000 00950fam a2200289 a 4500
001 1441063
003 OSt
005 20180117090006.0
008 900413s1994 iaua b 000 0 eng
020 _a0697170993
035 _a(OCoLC)502590756
035 _a(OCoLC)ocn502590756
035 _a(NNC)1441063
040 _cNMC
050 4 _aP94
_b.M36 1994g
245 0 0 _aMedia ethics :
_bissues and cases /
_c[edited by] Philip Patterson, Lee Wilkins.
260 _aDubuque, IA :
_bWm. C. Brown,
_cc1994.
300 _axx, 280 p. :
_bill. ;
_c23 cm.
500 _a2nd ed.
504 _aIncludes bibliographical references (p. 271-275) and index.
650 0 _aMass media
_xMoral and ethical aspects.
700 1 _aPatterson, Philip.
700 1 _aWilkins, Lee.
942 _2ddc
_cBK
999 _c3443
_d3443